000 nam a22 a 4500
999 _c471417
_d471417
003 BLK
005 20230316114736.0
008 180411b bul|||||r ||||||| ||bul||
020 _a9789545534270
040 _aBLK
041 _aBUL
_cBUL
080 _aБългарска литература
_b821.163.2
_x-32
_z821.163.2-32
100 _aКарагьозов, Панайот Димитров
_eпърви автор
_9259007
139 _aКарагьозов, Панайот Димитров
_bК 30
245 1 0 _aВиртуалната кръчма
_bМъжки приказки
_cПанайот Карагьозов.
257 _aBGR
260 _bПарадокс
_c2022
_9209722
_aСофия
300 _a176 с.
_c21 см
380 _aX
852 _aЦб 316374
_bЦб
856 4 _qpdf
_i0.00
_ldisable
856 4 _qpdf
_i0.00
_ldisable
942 _cKNG
_n0
_s1
944 _kКети